Stolice państw z końcówką -stan - Statystyki

Ogólne statystyki
  • Ten quiz został rozwiązany 206 razy
  • Średni wynik to 5 z 7
Statystyki odpowiedzi
Państwo Stolica % Poprawnych
Kazachstan Nur-Sułtan
97%
Pakistan Islamabad
76%
Afganistan Kabul
73%
Kirgistan Biszkek
68%
Uzbekistan Taszkent
62%
Tadżykistan Duszanbe
58%
Turkmenistan Aszchabad
53%
Nie znaleziono quizów pasujących do podanych kryteriów
Rozkład punktacji
Procent ludzi z każdym wynikiem
Percentyl według liczby udzielonych odpowiedzi
Twoja historia wyników
Nie rozwiązałeś tego quizu